| 000 | 00783cam a22002297a 4500 | ||
|---|---|---|---|
| 001 | 15425247 | ||
| 005 | 20130925154319.0 | ||
| 008 | 080823s2008 enka b 001 0 eng | ||
| 010 | _a 2008426879 | ||
| 020 | _a9780340928899 (pbk.) | ||
| 082 | 0 | 0 |
_a616.89 _222 _bCLI |
| 245 | 0 | 0 |
_aClinical psychology : _btopics in applied psychology / _cedited by Graham C.L. Davey. |
| 260 |
_aLondon : _bHodder Education, _cc2008. |
||
| 300 |
_avi, 275 p. : _bill. ; _c25 cm. |
||
| 440 | 0 |
_aTopics in applied psychology _933751 |
|
| 504 | _aIncludes bibliographical references (p. [249]-264) and index. | ||
| 650 | 0 |
_aClinical psychology. _930633 |
|
| 650 | 1 | 2 |
_aPsychology, Clinical _xmethods. _933752 |
| 653 |
_bPharmacy _cSeptember2013 |
||
| 700 | 1 |
_aDavey, Graham. _933753 |
|
| 942 |
_2ddc _cBB |
||
| 999 |
_c17553 _d17525 |
||